[Event "Golden Jubilee Club Championship"]
[Site "Box Hill"]
[Date "2002.04.12"]
[Round "1.34"]
[White "Endo, Kohei"]
[Black "Qian, Paul"]
[Result "1-0"]
[WhiteElo "1329"]
[BlackElo "816"]
[Annotator "jd"]
[PlyCount "25"]
[EventDate "2002.04.12"]

1. e4 e5 2. Nf3 Nc6 3. d4 f6 4. Bc4 d6 5. O-O Bg4 6. h3 Bxf3 7. Qxf3 Nxd4 8.
Qd3 Qd7 9. c3 Ne6 10. b4 O-O-O 11. Be3 Ne7 12. Bxa7 b6 13. Ba6# 1-0

[Event "Golden Jubilee Club Championship"]
[Site "Box Hill"]
[Date "2002.04.12"]
[Round "1.35"]
[White "Brice, Ryan"]
[Black "Gunawan, Andy"]
[Result "0-1"]
[WhiteElo "813"]
[BlackElo "1298"]
[Annotator "jd"]
[PlyCount "108"]
[EventDate "2002.04.12"]

1. d4 e6 2. c4 c5 3. Nf3 cxd4 4. Nxd4 Bc5 5. e3 Nf6 6. Bd3 b6 7. Nc3 Bb7 8. Nf3
Nc6 9. Be4 Qc7 10. Nb5 Qb8 11. Bxc6 Bxc6 12. Nbd4 Be4 13. a3 a5 14. Nb3 Bd6 15.
Nbd2 Bc6 16. Qc2 Qb7 17. Qd1 Bc7 18. b3 O-O 19. Bb2 Bd8 20. Qe2 Rc8 21. b4 d5
22. Ne5 dxc4 23. Nxc6 Qxc6 24. Nf3 c3 25. Bc1 Qa4 26. bxa5 bxa5 27. O-O Ne4 28.
Ra2 Be7 29. Qd3 Rfd8 30. Nd4 Qc4 31. Qxc4 Rxc4 32. f3 Nd2 33. Bxd2 cxd2 34.
Rxd2 Bxa3 35. Rfd1 Rc1 36. Kf2 Rxd1 37. Rxd1 e5 38. Rd3 Bb4 39. Ke2 exd4 40.
Rxd4 Rxd4 41. exd4 f6 42. Kd1 Kf7 43. Kc2 Ke6 44. Kb3 Kd5 45. Ka4 Kxd4 46. g4
Ke3 47. g5 Kxf3 48. gxf6 gxf6 49. h4 Kg4 50. Kb3 f5 51. h5 f4 52. Kc2 f3 53.
Kd1 Kg3 54. h6 Kg2 0-1

[Event "Golden Jubilee Club Championship"]
[Site "Box Hill"]
[Date "2002.04.12"]
[Round "1.36"]
[White "Loizou, Loizos"]
[Black "Vijayakumar, Rengan"]
[Result "1-0"]
[WhiteElo "1282"]
[BlackElo "808"]
[Annotator "jd"]
[PlyCount "75"]
[EventDate "2002.04.12"]

1. d4 Nf6 2. c4 g6 3. e3 Bg7 4. Nc3 O-O 5. Nf3 d6 6. Be2 c5 7. d5 e6 8. O-O Re8
9. e4 e5 10. Bg5 h6 11. Bd2 Qb6 12. Qc1 Kh7 13. Nd1 Nxe4 14. Bd3 Nxd2 15. Nxd2
f5 16. f4 e4 17. Be2 Nd7 18. Rb1 Bd4+ 19. Nf2 e3 20. Kh1 exf2 21. Bf3 Be3 22.
Qd1 Qb4 23. Nb3 a5 24. Qc2 a4 25. Nc1 Bd4 26. Nd3 Qa5 27. Nxf2 Bxf2 28. Qxf2 a3
29. b3 Nf6 30. h3 Bd7 31. Qh4 Ne4 32. Rfe1 Nd2 33. Rbd1 Nxf3 34. gxf3 Rxe1+ 35.
Rxe1 Kg8 36. Re7 Qd8 37. Qf6 Qf8 38. Qxg6+ 1-0

[Event "Golden Jubilee Club Championship"]
[Site "Box Hill"]
[Date "2002.04.12"]
[Round "1.37"]
[White "Eer, Derek"]
[Black "Benjamin, Frank"]
[Result "0-1"]
[WhiteElo "786"]
[BlackElo "1263"]
[Annotator "jd"]
[PlyCount "62"]
[EventDate "2002.04.12"]

1. e4 c5 2. Nf3 Nc6 3. Bb5 d6 4. d4 cxd4 5. Nxd4 Bd7 6. Nc3 Nxd4 7. Bxd7+ Qxd7
8. Be3 Nc6 9. Qe2 Nf6 10. f4 e5 11. fxe5 Nxe5 12. O-O Be7 13. Nd5 O-O 14. Nxf6+
Bxf6 15. Bf4 Rfe8 16. Rad1 Re6 17. Rd5 Nc6 18. Rfd1 Be5 19. Bxe5 Nxe5 20. c4 b6
21. b4 Rc8 22. R1d4 Nc6 23. Rd1 Nxb4 24. Rb5 Qc7 25. Rf5 g6 26. Qg4 Kh8 27. Rf2
Qxc4 28. Rxf7 Qxe4 29. Rd4 Rc1+ 30. Rf1 Qe3+ 31. Kh1 Rxf1# 0-1

[Event "Golden Jubilee Club Championship"]
[Site "Box Hill"]
[Date "2002.04.12"]
[Round "1.39"]
[White "Devoy, Sean"]
[Black "Chong, Trevor"]
[Result "0-1"]
[WhiteElo "775"]
[BlackElo "1245"]
[Annotator "jd"]
[PlyCount "94"]
[EventDate "2002.04.12"]

1. e4 e5 2. Nf3 Nc6 3. d4 exd4 4. Nxd4 Nxd4 5. Qxd4 b6 6. Nc3 Bc5 7. Qxg7 Qf6
8. Qg3 Bd6 9. Qe3 Bb7 10. g3 O-O-O 11. Bg2 Qe6 12. O-O Nf6 13. Nb5 Bc5 14. Qf4
d6 15. b3 Nxe4 16. Bxe4 Qxe4 17. Qxe4 Bxe4 18. Bb2 Rhe8 19. Nxa7+ Kb8 20. Nb5
Bxc2 21. Rac1 Bd3 22. Nc3 Bxf1 23. Rxf1 Re6 24. a3 Rde8 25. Kg2 Re1 26. Rxe1
Rxe1 27. b4 Bd4 28. Na4 Bxb2 29. Nxb2 Re2 30. Nd3 Ra2 31. h4 Rxa3 32. Nf4 c5
33. b5 c4 34. h5 c3 35. Kf1 c2 36. Ne2 Ra1+ 37. Kg2 c1=Q 38. Nxc1 Rxc1 39. f4
d5 40. g4 Re1 41. f5 Re5 42. Kf3 d4 43. Kf4 Re8 44. g5 d3 45. g6 hxg6 46. hxg6
fxg6 47. fxg6 d2 0-1

[Event "Golden Jubilee Club Championship"]
[Site "Box Hill"]
[Date "2002.04.12"]
[Round "1.41"]
[White "O'Connor, Andrew"]
[Black "Muthusamy, Reubban"]
[Result "0-1"]
[WhiteElo "648"]
[BlackElo "1186"]
[Annotator "jd"]
[PlyCount "30"]
[EventDate "2002.04.12"]

1. e4 e5 2. Nf3 Nc6 3. Bc4 Be7 4. d3 d6 5. Nc3 Nf6 6. O-O O-O 7. Bg5 Be6 8. Bb3
h6 9. Bh4 Bg4 10. h3 Bh5 11. Bxf6 Bxf6 12. Nd5 Nd4 13. Bc4 Bxf3 14. gxf3 Bh4
15. Qd2 Nxf3+ 0-1

[Event "Golden Jubilee Club Championship"]
[Site "Box Hill"]
[Date "2002.04.12"]
[Round "1.42"]
[White "Sellayah, Renishka"]
[Black "Tham, Christopher"]
[Result "1-0"]
[WhiteElo "1182"]
[BlackElo "639"]
[Annotator "jd"]
[PlyCount "43"]
[EventDate "2002.04.12"]

1. d4 d5 2. Nf3 Bf5 3. Bf4 e6 4. e3 Bd6 5. Bxd6 Qxd6 6. Bd3 Bxd3 7. Qxd3 Na6 8.
O-O Qb6 9. b3 Nb4 10. Qe2 Rc8 11. c3 Na6 12. Rc1 Ne7 13. Nbd2 O-O 14. Rc2 Rfd8
15. Rac1 c6 16. b4 Nc7 17. b5 Nxb5 18. Qd3 Na3 19. Ng5 Rc7 20. Qxh7+ Kf8 21.
Qh5 Nxc2 22. Qxf7# 1-0

[Event "Golden Jubilee Club Championship"]
[Site "Box Hill"]
[Date "2002.04.12"]
[Round "1.43"]
[White "Gray, Alan"]
[Black "Fielder, Shaun"]
[Result "0-1"]
[WhiteElo "631"]
[BlackElo "1162"]
[Annotator "sf"]
[PlyCount "92"]
[EventDate "2002.04.12"]

1. e4 e6 2. d4 d5 3. e5 c5 4. c3 Nc6 5. Nf3 Qb6 6. Bd3 Bd7 7. O-O cxd4 8. cxd4
Nge7 9. Nc3 Nxd4 10. Rb1 Nec6 11. Re1 Be7 12. Bf4 Nxf3+ 13. Qxf3 Nd4 14. Qg3 g6
15. Qg4 Rc8 16. Be3 Bc5 17. b3 Nc6 18. Na4 Qb4 19. f4 Bxe3+ 20. Rxe3 Qd4 21.
Kf2 Nxe5 22. Qd1 Qxf4+ 23. Ke2 Qg4+ 24. Kf2 Qxd1 25. Rxd1 Ng4+ 26. Ke2 Nxe3 27.
Kxe3 Bxa4 28. bxa4 Ke7 29. Kd4 Kd6 30. Rf1 e5+ 31. Ke3 f5 32. Be2 Rc3+ 33. Kd2
Rhc8 34. Bd3 e4 35. Be2 d4 36. Rd1 Rc2+ 37. Ke1 Rc1 38. Bb5 a6 39. Be2 d3 40.
Bf1 Ke5 41. g3 Kd4 42. Bh3 Ke3 43. g4 d2+ 44. Kf1 Rxd1+ 45. Kg2 Kf4 46. gxf5
gxf5 0-1

[Event "Golden Jubilee Club Championship"]
[Site "Box Hill"]
[Date "2002.04.12"]
[Round "1.45"]
[White "Lugo, Jerome"]
[Black "Chan, Robert K"]
[Result "0-1"]
[WhiteElo "559"]
[BlackElo "1114"]
[Annotator "jd"]
[PlyCount "68"]
[EventDate "2002.04.12"]

1. e4 g6 2. d4 Bg7 3. Nf3 e6 4. Nc3 a6 5. Bc4 c6 6. O-O Ne7 7. Be3 a5 8. Qd2 b5
9. Bd3 Bb7 10. Bh6 Kf8 11. Qg5 Na6 12. Qf6 Rg8 13. Bxg7+ Rxg7 14. Ng5 Qe8 15.
Qf4 Nb4 16. Qc7 Qc8 17. Qe5 Nxd3 18. cxd3 a4 19. b4 axb3 20. Rfe1 bxa2 21. Re3
h6 22. Nh3 Ng8 23. Qd6+ Ke8 24. Qe5 f6 25. Qf4 g5 26. Qg4 Ke7 27. Ne2 b4 28.
Nc1 Ra6 29. Nf4 Qe8 30. Nh5 Rh7 31. f3 Qa8 32. e5 f5 33. Qg3 Rf7 34. Qh3 Ke8
0-1

[Event "Golden Jubilee Club Championship"]
[Site "Box Hill"]
[Date "2002.04.12"]
[Round "1.46"]
[White "Elbrish, Sam"]
[Black "Lawson, Shane"]
[Result "0-1"]
[WhiteElo "1396"]
[BlackElo "1611"]
[Annotator "rf"]
[PlyCount "86"]
[EventDate "2002.04.12"]

1. Nf3 c5 2. g3 Nc6 3. c3 g6 4. Bg2 Bg7 5. d3 Nf6 6. e4 d6 7. O-O O-O 8. Bg5 h6
9. Be3 Be6 10. Kh1 Qd7 11. Ng1 Ng4 12. Bf4 f5 13. f3 Nge5 14. Qd2 fxe4 15. fxe4
g5 16. Bxe5 Nxe5 17. Na3 Rxf1 18. Bxf1 Rf8 19. Bg2 Qc8 20. h3 Rf7 21. d4 Ng6
22. d5 Bd7 23. Rf1 Qf8 24. Rxf7 Qxf7 25. Nc4 b5 26. Ne3 Ne5 27. Qe2 c4 28. a3
Nd3 29. Bf3 Be5 30. Kg2 Qg6 31. Ng4 Bg7 32. Nf2 Nc5 33. Qe3 a6 34. Ne2 Be5 35.
Ng4 Bxg4 36. hxg4 Qf6 37. Nd4 Bxd4 38. Qxd4 Qxd4 39. cxd4 Nd3 40. b3 Ne1+ 41.
Kf2 Nxf3 42. bxc4 Nxd4 43. cxb5 axb5 0-1

[Event "Golden Jubilee Club Championship"]
[Site "Box Hill"]
[Date "2002.04.12"]
[Round "1.47"]
[White "Shan, Indran"]
[Black "Burak, Mehmed"]
[Result "0-1"]
[WhiteElo "822"]
[BlackElo "1167"]
[Annotator "rf"]
[PlyCount "52"]
[EventDate "2002.04.12"]

1. d4 Nf6 2. c4 g6 3. Nc3 Bg7 4. e4 d6 5. Nf3 O-O 6. Be2 Bg4 7. e5 dxe5 8. Nxe5
Bxe2 9. Nxe2 Nh5 10. O-O c5 11. Nf3 cxd4 12. Nexd4 Qb6 13. Re1 Rd8 14. Re4 Nc6
15. Be3 f5 16. Rh4 e5 17. Qb3 exd4 18. Qxb6 axb6 19. Bg5 Rd7 20. a3 d3 21. Rd1
Bxb2 22. Be3 Rxa3 23. Bxb6 Nf6 24. c5 Ne4 25. Nd2 Nxd2 26. Rxd2 Ra1+ 0-1

[Event "Golden Jubilee Club Championship"]
[Site "Box Hill"]
[Date "2002.04.12"]
[Round "1.48"]
[White "Yu, Sally"]
[Black "Lee, Melissa"]
[Result "0-1"]
[WhiteElo "127"]
[BlackElo "1182"]
[Annotator "rf"]
[PlyCount "54"]
[EventDate "2002.04.12"]

1. e4 e5 2. Bc4 Nf6 3. Nc3 Nc6 4. d3 Bc5 5. Bg5 h6 6. Bh4 Be7 7. Nf3 d6 8. Nd5
Nxd5 9. Bxd5 Bxh4 10. Nxh4 Qxh4 11. Qf3 O-O 12. O-O Nd4 13. Qe3 Nxc2 14. Qf3
Nxa1 15. Rxa1 c6 16. Bb3 Be6 17. Qd1 d5 18. Qc2 dxe4 19. dxe4 Bxb3 20. Qxb3
Qxe4 21. Qxb7 Rab8 22. Qxa7 Rxb2 23. h3 Rfb8 24. Rf1 Rb1 25. Qa6 Rxf1+ 26. Qxf1
Rb1 27. f3 Qe3+ 0-1

[Event "Golden Jubilee Club Championship"]
[Site "Box Hill"]
[Date "2002.04.20"]
[Round "1.49"]
[White "O'Connor, Phil"]
[Black "Small, David H"]
[Result "1/2-1/2"]
[WhiteElo "1521"]
[BlackElo "1994"]
[Annotator "jp"]
[PlyCount "64"]
[EventDate "2002.04.12"]

1. d4 d5 2. c4 e6 3. g3 Nf6 4. Bg2 Be7 5. Nf3 O-O 6. O-O c6 7. Qc2 Nbd7 8. Rd1
b6 9. b3 Bb7 10. Nc3 Rc8 11. Bb2 Qc7 12. Rac1 Rfd8 13. Nd2 c5 14. e4 cxd4 15.
Nb5 Qb8 16. exd5 exd5 17. a4 dxc4 18. Bxb7 Qxb7 19. Nxc4 Nc5 20. Bxd4 Nfe4 21.
Qb2 Ne6 22. Be5 a6 23. Nbd6 Nxd6 24. Nxd6 Bxd6 25. Rxc8 Qxc8 26. Rxd6 $11 Rxd6
27. Bxd6 Qc6 28. Be5 f6 29. Qc3 Qd7 30. Bb8 Qd1+ 31. Kg2 Qd5+ 32. f3 Nd4 $11
1/2-1/2

[Event "Golden Jubilee Club Championship"]
[Site "Box Hill"]
[Date "2002.04.23"]
[Round "1.57"]
[White "Cocks, James"]
[Black "Hickman, Casey"]
[Result "0-1"]
[WhiteElo "594"]
[BlackElo "1144"]
[Annotator "jp"]
[PlyCount "108"]
[EventDate "2002.04.12"]

1. e4 e5 2. Nf3 Nc6 3. Bc4 Nf6 4. d3 d5 5. exd5 Nxd5 6. Nc3 Bb4 7. Bd2 Nf6 8.
a3 Be7 9. Ng5 O-O 10. Nxf7 Rxf7 11. Bxf7+ Kxf7 12. Ne4 Nxe4 13. dxe4 Kg8 14.
Bc3 Be6 15. O-O Qf8 16. b4 a6 17. f4 exf4 18. Qf3 Bg5 19. h4 Bxh4 20. Qxf4 Qxf4
21. Rxf4 Bg5 22. Rf3 Bg4 23. Rg3 h5 24. Re1 Bh4 25. Rxg4 hxg4 26. Rf1 Rf8 27.
Rd1 Rf7 28. a4 b5 29. axb5 axb5 30. Ra1 Be7 31. e5 Bxb4 32. Bxb4 Nxb4 33. Rb1
Nxc2 34. Rxb5 Re7 35. Kh2 Kf7 36. Rb7 c5 37. Rb2 Ne3 38. Rf2+ Kg6 39. Kg3 Rxe5
40. Kf4 Re6 41. Re2 Nd5+ 42. Kxg4 Rxe2 43. Kf3 Re8 44. Kg3 c4 45. Kg4 c3 46. g3
c2 47. Kf3 c1=Q 48. Kg2 Qd2+ 49. Kh3 Rh8+ 50. Kg4 Qd4+ 51. Kf3 Kf5 52. g4+
Qxg4+ 53. Kf2 Rh2+ 54. Kf1 Qd1# 0-1

[Event "Golden Jubilee Club Championship"]
[Site "Box Hill"]
[Date "2002.04.19"]
[Round "2.1"]
[White "Johansen, Darryl K"]
[Black "Dragicevic, Domagoj"]
[Result "1-0"]
[WhiteElo "2515"]
[BlackElo "1840"]
[Annotator "jd"]
[PlyCount "63"]
[EventDate "2002.04.12"]

1. c4 Nf6 2. Nc3 e5 3. Nf3 Nc6 4. g3 Bb4 5. Nd5 e4 6. Nxb4 exf3 7. Nxc6 dxc6 8.
exf3 O-O 9. d4 b5 10. b3 bxc4 11. bxc4 Rb8 12. Be3 Qe7 13. a3 Rb2 14. Qc1 Rb3
15. Bg2 Bf5 16. O-O Rfb8 17. Re1 Rb1 18. Qc3 R1b3 19. Qa5 Bd3 20. Bf4 Qd7 21.
Bxc7 R8b7 22. Be5 Bxc4 23. Bxf6 gxf6 24. Qh5 Rd3 25. Qh6 Qd8 26. Bh3 Rb5 27.
Re3 Rxd4 28. Rae1 Rd1 29. Kg2 Rxe1 30. Rxe1 Bd3 31. Rd1 Rb3 32. Bf5 1-0

[Event "Golden Jubilee Club Championship"]
[Site "Box Hill"]
[Date "2002.04.19"]
[Round "2.2"]
[White "Voon, Richard"]
[Black "Gluzman, Michael"]
[Result "0-1"]
[WhiteElo "1852"]
[BlackElo "2386"]
[Annotator "jd"]
[PlyCount "172"]
[EventDate "2002.04.12"]

1. e4 c6 2. d4 d5 3. Nc3 dxe4 4. Nxe4 Bf5 5. Ng3 Bg6 6. Nf3 Nf6 7. h4 h6 8. h5
Bh7 9. Bd3 Bxd3 10. Qxd3 e6 11. Bd2 c5 12. O-O-O Nc6 13. Rh4 Be7 14. a3 Qd7 15.
Qc4 Nd5 16. Re4 Nb6 17. Qb5 Nxd4 18. Nxd4 cxd4 19. Qxd7+ Nxd7 20. Rxd4 Nf6 21.
Ba5 b6 22. Be1 O-O 23. c4 Rfc8 24. b4 e5 25. Nf5 Kf8 26. Nxe7 Kxe7 27. Rh4 Ne8
28. Kb2 Nd6 29. Kb3 a5 30. Rd5 Ke6 31. Rd1 f5 32. Rc1 Ra7 33. f3 f4 34. c5 axb4
35. axb4 b5 36. Rg4 Ne8 37. Bc3 Nf6 38. Re1 Nxg4 39. fxg4 Rf7 40. Rxe5+ Kd7 41.
Rd5+ Ke8 42. Rd6 Rd8 43. Rb6 f3 44. gxf3 Rxf3 45. Kc2 Rf2+ 46. Kc1 Rd3 47. Bxg7
Rg3 48. Rb8+ Kd7 49. Rb7+ Kc8 50. Rb8+ Kxb8 51. Be5+ Kb7 52. Bxg3 Rg2 53. Bf4
Rxg4 54. Bxh6 Rxb4 55. Bf8 Rf4 56. Be7 Rf7 57. Bd6 Rh7 58. Kb2 Rxh5 59. Kb3 Rh4
60. Be7 Rg4 61. Bd6 Kc6 62. Be7 Re4 63. Bd6 Rc4 64. Bf8 Kb7 65. Be7 Ka6 66. Bd6
Rd4 67. Be5 Rd5 68. Bd6 Kb7 69. Kb4 Kc6 70. Be7 Rd1 71. Bf8 Rb1+ 72. Ka3 b4+
73. Ka2 Rf1 74. Be7 Rf3 75. Kb2 Rc3 76. Bf8 Kb5 77. Be7 Ka4 78. Bd6 Rc4 79. Be7
Re4 80. Bf8 Re2+ 81. Kc1 Kb3 82. Kd1 Rc2 83. Be7 Rc4 84. Kd2 Ka4 85. Kd3 Kb5
86. Kd2 b3 0-1

[Event "Golden Jubilee Club Championship"]
[Site "Box Hill"]
[Date "2002.04.19"]
[Round "2.3"]
[White "Rujevic, Mirko"]
[Black "Waller, A (Tony)"]
[Result "1-0"]
[WhiteElo "2237"]
[BlackElo "1754"]
[Annotator "sf"]
[PlyCount "72"]
[EventDate "2002.04.12"]

1. e4 c5 2. Nf3 Nc6 3. d4 cxd4 4. c3 dxc3 5. Bc4 e6 6. Nxc3 Be7 7. O-O d6 8.
Qe2 a6 9. Rd1 Qc7 10. Bb3 Nf6 11. Bf4 O-O 12. Rac1 Bd7 13. Nd5 exd5 14. exd5
Rfe8 15. dxc6 Bxc6 16. Ng5 Rf8 17. Qc4 Qd7 18. Rc3 Rac8 19. Qd4 h6 20. Nf3 Qf5
21. Bg3 Ne4 22. Re3 Bf6 23. Qd3 Nxg3 24. hxg3 Qxd3 25. Rexd3 Bxb2 26. Rxd6 Bf6
27. Nh4 Rcd8 28. Nf5 Rxd6 29. Rxd6 Be5 30. Ne7+ Kh7 31. Rd1 Bf6 32. Nxc6 bxc6
33. Rd6 Rd8 34. Rxc6 Rd2 35. Rxa6 Kg8 36. Ra8+ Kh7 1-0

[Event "Golden Jubilee Club Championship"]
[Site "Box Hill"]
[Date "2002.04.19"]
[Round "2.4"]
[White "Kildisas, Victor E"]
[Black "Woodhams, Michael V"]
[Result "1/2-1/2"]
[WhiteElo "1814"]
[BlackElo "2083"]
[Annotator "jd"]
[PlyCount "101"]
[EventDate "2002.04.12"]

1. d4 Nf6 2. c4 e5 3. dxe5 Ng4 4. Bf4 Nc6 5. Nf3 Bb4+ 6. Nbd2 Qe7 7. a3 Bxd2+
8. Qxd2 Ngxe5 9. Nxe5 Nxe5 10. e3 d6 11. Be2 O-O 12. O-O b6 13. Rac1 Bb7 14. b4
Rad8 15. Rfe1 f5 16. Qc3 Ng6 17. c5 dxc5 18. bxc5 Nxf4 19. exf4 Bd5 20. Qe5 Rd7
21. cxb6 axb6 22. Bb5 Qxe5 23. fxe5 Re7 24. f4 Kf7 25. Re3 Ra8 26. h4 Ra5 27.
Bc6 Be6 28. g3 h6 29. Kf2 g5 30. hxg5 hxg5 31. Rec3 Kg6 32. Ke3 Rh7 33. Rh1
Rxh1 34. Bxh1 c5 35. Bc6 Ra7 36. Bb5 Rh7 37. Rd3 Rh3 38. Kd2 Rh2+ 39. Kc3 Rg2
40. Be8+ Kg7 41. fxg5 Re2 42. Rd6 Rxe5 43. Rxb6 Bd5 44. Bd7 Re3+ 45. Kb2 Be4
46. Rb3 Rxb3+ 47. Kxb3 Bd5+ 48. Kc3 Kg6 49. Ba4 Kxg5 50. Bd1 Kf6 51. a4 1/2-1/2

[Event "Golden Jubilee Club Championship"]
[Site "Box Hill"]
[Date "2002.04.19"]
[Round "2.5"]
[White "Meydan, Arie"]
[Black "Kempen, Leon"]
[Result "0-1"]
[WhiteElo "1773"]
[BlackElo "1995"]
[Annotator "jd"]
[PlyCount "166"]
[EventDate "2002.04.12"]

1. d4 Nf6 2. Bg5 d5 3. Nd2 h6 4. Bh4 c6 5. Ngf3 Qb6 6. b3 Bf5 7. e3 Nbd7 8. Bd3
Ne4 9. O-O Nc3 10. Qe1 Bxd3 11. cxd3 Nb5 12. Rc1 e6 13. Bg3 Bb4 14. e4 Nxd4 15.
Nxd4 Bxd2 16. Qxd2 Qxd4 17. exd5 Qxd5 18. Qb4 c5 19. Qg4 O-O 20. Rfd1 Rac8 21.
Bf4 Kh7 22. Qg3 e5 23. Be3 Rc6 24. Rc4 f5 25. f4 g5 26. fxg5 f4 27. Qh3 Rg6 28.
Bf2 Rxg5 29. Bh4 Rg6 30. Re4 Rfg8 31. Rd2 Nb8 32. Qf3 Qd6 33. b4 cxb4 34. d4
Nc6 35. Be1 Nxd4 36. Qd3 Qb6 37. Kf1 Nc6 38. Bf2 Qa5 39. Rc4 Rd8 40. Qe2 Rxd2
41. Qxd2 Qb5 42. Qd7+ Rg7 43. Qf5+ Kh8 44. Qf8+ Kh7 45. Qf5+ Kg8 46. Qe6+ Rf7
47. Kg1 Kg7 48. g3 Nd4 49. Qg4+ Kh7 50. Rc8 Rg7 51. Qd1 Qd7 52. Rf8 Rf7 53.
Rxf7+ Qxf7 54. Bxd4 exd4 55. Qxd4 fxg3 56. hxg3 Qxa2 57. Qe4+ Kh8 58. Qe5+ Kh7
59. Qf5+ Kg7 60. Qe5+ Kf7 61. Qc7+ Ke6 62. Qc8+ Kd6 63. Qf8+ Kd7 64. Qg7+ Kc8
65. Qf8+ Kc7 66. Qg7+ Kb6 67. Qxh6+ Ka5 68. Qg5+ Ka4 69. Qc5 a5 70. Qd4 Qb1+
71. Kh2 Qh7+ 72. Kg2 Qc2+ 73. Kh3 Qc3 74. Qd7+ b5 75. Qd1+ b3 76. Qg4+ b4 77.
Qd1 Ka3 78. Qd8 a4 79. Qd1 b2 80. Qb1 b3 81. Qe4 Qc2 82. Qe7+ Ka2 83. Qb4 a3
0-1

[Event "Golden Jubilee Club Championship"]
[Site "Box Hill"]
[Date "2002.04.19"]
[Round "2.6"]
[White "Small, David H"]
[Black "Lycett, Garry"]
[Result "1-0"]
[WhiteElo "1994"]
[BlackElo "1715"]
[Annotator "jd"]
[PlyCount "95"]
[EventDate "2002.04.12"]

1. c4 c5 2. g3 Nf6 3. Bg2 g6 4. Nc3 Bg7 5. Nf3 O-O 6. d4 cxd4 7. Nxd4 Nc6 8.
O-O a6 9. c5 Nxd4 10. Qxd4 Nh5 11. Qb4 d6 12. Be3 a5 13. Qa3 Bxc3 14. Qxc3 d5
15. Rfd1 e6 16. Bh6 Qf6 17. Qxf6 Nxf6 18. Bxf8 Kxf8 19. Rac1 Bd7 20. e4 Bc6 21.
exd5 Nxd5 22. Rd4 Rd8 23. b3 Ke7 24. Rcd1 Rb8 25. Rc1 Kd7 26. f4 Kc7 27. Kf2
Nf6 28. h3 Bxg2 29. Kxg2 Nd5 30. Kf3 Kc6 31. g4 h6 32. a3 Ra8 33. Rdc4 Rc8 34.
h4 Ne7 35. Rd1 Nd5 36. Rh1 Rd8 37. Rd1 Re8 38. Re1 f6 39. Rce4 Nc7 40. b4 axb4
41. axb4 Ra8 42. Rxe6+ Nxe6 43. Rxe6+ Kd5 44. Rd6+ Kc4 45. Rxf6 Ra3+ 46. Ke4
Rh3 47. Rxg6 Rxh4 48. c6 1-0

[Event "Golden Jubilee Club Championship"]
[Site "Box Hill"]
[Date "2002.04.19"]
[Round "2.8"]
[White "Zivanovic, Andjelija"]
[Black "Raine, Marcus"]
[Result "0-1"]
[WhiteElo "1698"]
[BlackElo "1927"]
[Annotator "jd"]
[PlyCount "88"]
[EventDate "2002.04.12"]

1. d4 f5 2. Nf3 d5 3. Nc3 e6 4. Bf4 c6 5. e3 Nf6 6. h3 Bb4 7. Bd3 Qa5 8. Qd2
O-O 9. O-O Bd7 10. a3 Bxc3 11. Qxc3 Qxc3 12. bxc3 b5 13. Rfb1 Rc8 14. a4 bxa4
15. c4 c5 16. dxc5 Nc6 17. cxd5 Nxd5 18. Bd6 Ncb4 19. Ne5 Be8 20. c4 Nxd3 21.
Nxd3 Nf6 22. Nb2 Ne4 23. Nxa4 Bxa4 24. Rxa4 Nc3 25. Rba1 Nxa4 26. Rxa4 a5 27.
Kf1 Kf7 28. f4 Ke8 29. Ke2 Kd7 30. Kd3 Ra6 31. Kd4 Rg8 32. g3 g5 33. fxg5 Rxg5
34. h4 Rg4+ 35. Kd3 Kc6 36. Ke2 Rg7 37. Kd3 Rb7 38. Kc3 Rb1 39. Be7 e5 40. Bd6
e4 41. Kc2 Rb4 42. Rxb4 axb4 43. Kb3 Ra3+ 44. Kxb4 Rxe3 0-1

[Event "Golden Jubilee Club Championship"]
[Site "Box Hill"]
[Date "2002.04.19"]
[Round "2.9"]
[White "Nemeth, Janos"]
[Black "Chmiel, Rad"]
[Result "1-0"]
[WhiteElo "1918"]
[BlackElo "1682"]
[Annotator "jd"]
[PlyCount "55"]
[EventDate "2002.04.12"]

1. e4 c5 2. Nf3 d6 3. d4 cxd4 4. Nxd4 Nf6 5. Nc3 a6 6. Be2 e6 7. Bg5 Nc6 8. Qd2
Bd7 9. O-O-O b5 10. Rhe1 Ne5 11. f4 Nc4 12. Bxc4 bxc4 13. e5 h6 14. Bxf6 gxf6
15. exf6 Qa5 16. f5 e5 17. Nb1 Qc5 18. g4 Kd8 19. Nf3 h5 20. Nxe5 Kc7 21. Nxf7
Rh7 22. Ng5 Bh6 23. Nc3 Bxg5 24. Qxg5 hxg4 25. Rd5 Qf2 26. Red1 Rxh2 27. R5d2
Qh4 28. Qf4 1-0

[Event "Golden Jubilee Club Championship"]
[Site "Box Hill"]
[Date "2002.04.19"]
[Round "2.10"]
[White "Jenkins, Keith"]
[Black "Dutka, Janusz"]
[Result "0-1"]
[WhiteElo "1694"]
[BlackElo "1904"]
[Annotator "jd"]
[PlyCount "70"]
[EventDate "2002.04.12"]

1. d4 Nf6 2. c4 g6 3. Nc3 d5 4. Nf3 Bg7 5. Qb3 dxc4 6. Qxc4 O-O 7. e4 a6 8. Be2
b5 9. Qd3 Bb7 10. a3 Nbd7 11. O-O c5 12. Be3 b4 13. axb4 cxb4 14. Nd5 Nxd5 15.
exd5 Nf6 16. Qd2 a5 17. Ne5 Bxd5 18. Rfc1 Qb6 19. Nc6 Bxc6 20. d5 Qd8 21. dxc6
Qxd2 22. Bxd2 Ne4 23. Rd1 Bxb2 24. Rab1 Bc3 25. Be3 a4 26. c7 a3 27. Bc4 a2 28.
Bxa2 Rxa2 29. Rd8 Ra8 30. Rxf8+ Kxf8 31. Ba7 Rc8 32. Bb8 Nc5 33. Rd1 Ke8 34.
Ba7 Rxc7 35. Bb6 Rd7 0-1

[Event "Golden Jubilee Club Championship"]
[Site "Box Hill"]
[Date "2002.04.19"]
[Round "2.11"]
[White "Lawson, Shane"]
[Black "Wastney, Scott"]
[Result "0-1"]
[WhiteElo "1611"]
[BlackElo "2248"]
[Annotator "jd"]
[PlyCount "104"]
[EventDate "2002.04.12"]

1. e4 c5 2. Nc3 e6 3. Nge2 Nc6 4. g3 Nf6 5. Bg2 Be7 6. O-O O-O 7. d3 a6 8. a4
d5 9. exd5 exd5 10. Nf4 Bg4 11. Qd2 d4 12. Ncd5 Re8 13. h3 Bd7 14. Nxf6+ Bxf6
15. Nd5 Be5 16. a5 Bxh3 17. Bxh3 Qxd5 18. Bg2 Qd7 19. b3 Bd6 20. Ba3 Re7 21.
Be4 Ne5 22. Qg5 Qg4 23. Qxg4 Nxg4 24. Kg2 Rae8 25. Rab1 g6 26. b4 c4 27. Bd5 c3
28. Kg1 Rd7 29. Bf3 Ne5 30. Be4 Kg7 31. Bc1 f5 32. Bg2 Nc6 33. b5 Nxa5 34. bxa6
bxa6 35. Ra1 Bc7 36. Ba3 Re5 37. f4 Rb5 38. Rfe1 Kf7 39. Kf2 Bd6 40. Bc1 Ra7
41. Rh1 h5 42. Bf3 Nb7 43. Bc6 Rb6 44. Bd5+ Kf8 45. Re1 Bc5 46. Re5 Nd8 47. Bc4
Be7 48. Rea5 Nc6 49. R1a2 Nxa5 50. Rxa5 Rb1 51. Ba3 Bxa3 52. Rxa3 a5 0-1

[Event "Golden Jubilee Club Championship"]
[Site "Box Hill"]
[Date "2002.04.19"]
[Round "2.12"]
[White "Low, Samuel"]
[Black "Brooks, Chris"]
[Result "1-0"]
[WhiteElo "2025"]
[BlackElo "1525"]
[Annotator "jd"]
[PlyCount "39"]
[EventDate "2002.04.12"]

1. e4 c5 2. Nf3 e6 3. d4 cxd4 4. Nxd4 Nf6 5. Bd3 d6 6. Nc3 Be7 7. O-O O-O 8.
Be3 Nc6 9. f4 Nxd4 10. Bxd4 Ng4 11. Bxg7 Qb6+ 12. Kh1 Ne3 13. Qh5 Kxg7 14. Rf3
e5 15. Rg3+ Kh8 16. Nd5 Qxb2 17. Re1 Bg4 18. Qh6 Nxd5 19. Rxg4 exf4 20. e5 1-0

[Event "Golden Jubilee Club Championship"]
[Site "Box Hill"]
[Date "2002.04.19"]
[Round "2.14"]
[White "Pecori, Ascaro"]
[Black "Stojic, Svetozar"]
[Result "1-0"]
[WhiteElo "1926"]
[BlackElo "1644"]
[Annotator "jd"]
[PlyCount "69"]
[EventDate "2002.04.12"]

1. e4 c5 2. Nc3 Nc6 3. f4 g6 4. Nf3 Bg7 5. Bc4 e6 6. d3 Nge7 7. O-O O-O 8. a3
d5 9. Ba2 a6 10. Qe1 Nd4 11. Nxd4 cxd4 12. Ne2 b5 13. e5 Qb6 14. Bd2 Nf5 15.
Rf3 Bb7 16. Qf2 Rfc8 17. Rc1 Rc6 18. g4 Rac8 19. gxf5 Rxc2 20. Qe1 exf5 21. Bb3
Rxc1 22. Bxc1 a5 23. Bd2 a4 24. Bd1 f6 25. exf6 Bxf6 26. Ng3 Qc6 27. Rf2 Ba6
28. Re2 Kf7 29. Bb4 Qc1 30. Qd2 Qa1 31. Re1 Rc1 32. Qe2 Kg7 33. Be7 Rc6 34.
Bxf6+ Rxf6 35. Bb3 1-0